[Event "ECC Novi Sad"]
[Site "?"]
[Date "2016.11.09"]
[Round "4"]
[White "Sprenger, Jan"]
[Black "Martinovic, Sasa"]
[Result "1-0"]
[Annotator "Sprenger,Jan"]
[BlackElo "2560"]
[EventDate "2016.??.??"]
[PlyCount "75"]
[WhiteElo "2512"]

1. e4 c5 2. Nf3 d6 3. d4 cxd4 4. Nxd4 Nf6 5. Nc3 Nc6 6. Bg5 e6 7. Qd2 a6 8.
O-O-O Bd7 9. f3 h6 10. Be3 b5 11. Nxc6 Bxc6 12. Kb1 Qc7 13. h4 h5 $6 { Ik vind
dit niet echt in het systeem passen, maar ik weet te weinig van de stelling af
om me een oordeel te veroorloven.}  14. Bd3 d5 $2 { Dit is duidelijk slecht.
Wit staat vol ontwikkeld en zwart heeft zich net met h6-h5 verzwakt.}  15. Bf4
{ Ongeveer even goed als meteen 15. ed5:.}  15... Qb6 16. exd5 Nxd5 ( 16...
Bxd5 17. Nxd5 Nxd5 18. Be4 $40 )17. Nxd5 Bxd5 18. Qc3 $6 ( 18. Be4 $1 { was het
alternatief. Hier was ik soort van bang voor}  18... O-O-O $2 { maar dit is
heel slecht. Ik had gewoon beter moeten kijken.}  ( 18... Rd8 $8 { Wit behoudt
initiatief na een rustige zet zoals}  19. Qe2 $36 )19. Qc3+ Qc5 $6 ( 19... Kb7
{ is taaier.} )20. Qa5 $1 ( { Zelfs } 20. Bxd5 { is duidelijk wit voordeel.}
)20... Qc6 { Wit heeft hier meerdere goede zetten. Het meest menselijk is}  21.
Rd3 Bc5 22. Qc3 $18 { en er valt een pion op g7 omdat wit slaan op d5 en b2-b4
dreigt.}  )18... Qc5 19. Qe5 Bb7 $1 ( 19... O-O-O 20. c4 $1 ( 20. Qe2 { en
rustig a2-a4 voorbereiden is ook heel sterk, maar 20. c4 is direkter.} )20...
bxc4 ( 20... Bd6 21. Qxg7 )21. Bxc4 { Zwart moet nu een pion geven om de aanval
te stoppen.}  21... Bd6 22. Bxa6+ Kc7 $1 23. Qxd6+ Qxd6 24. Bxd6+ Rxd6 25. Bd3
$16 )20. Qe2 Be7 21. Be5 Bf6 $1 ( { Op } 21... O-O { was ik}  22. f4 $1 g6 23.
Rh3 $6 { van plan met het mooie idee Dh5: en mat. Helaas verdedigt zwart nog
net: wit moet nóg direkter spelen.}  ( 23. g4 $3 Bxh1 24. Rxh1 $16 { is
geweldige compensatie, zwart heeft helemaal geen tegenspel. Een
voorbeeldvariant:}  24... Bd6 25. gxh5 Bxe5 26. fxe5 Qd4 27. Qe1 { mit winnende
aanval.}  )23... f5 $3 $14 { Offers werken niet en wit staat slechts iets
beter.}  ( 23... Rfd8 $2 24. g4 { en wit wint in de aanval.}  ))22. Bxf6 $6 (
22. Bd6 Qb6 { en zwart gaat lang. Misschien had ik dit alsnog moeten spelen,
bijvoorbeeld}  23. a3 O-O-O 24. Bg3 { en wit blijft aanvalskansen houden.} 
)22... gxf6 23. Be4 Bxe4 24. Qxe4 Rc8 { Het witte voordeel hier is vrij dun.} 
25. Rd4 $6 { Verliest een tempo.}  ( 25. g4 $1 $14 { is logisch en goed. Ook
25. c3 was zeker mogelijk.} )25... Rg8 $1 26. Rd2 { Noodzakelijk om de pion g2
te verdedigen.}  ( 26. g4 $2 hxg4 27. fxg4 Rxg4 $1 28. Qxg4 Qxc2+ 29. Ka1 Qc1+
30. Rxc1 Rxc1# )26... f5 27. Qb7 a5 28. c3 a4 $2 ( 28... b4 $1 $132 { en zwart
behoudt tegenspel langs de c-lijn.}  29. Rc1 Rc7 $1 ( 29... bxc3 $2 30. Qd7+ $1
Kf8 31. Rxc3 Qg1+ 32. Rd1 $18 )30. Qb8+ Rc8 { Als wit de zetherhaling ontwijkt,
dan volgt}  31. Qf4 bxc3 { met voldoende tegenspel  (  Tc3: wordt met Dg1+
beantwoord  )  .}  )29. Rhd1 $6 { Misschien niet de beste zet, maar ik ging
ervan uit dat mijn tegenstander niet a4-a3 zou durven.}  ( 29. a3 $1 $16 { Wit
heeft de d-lijn en zwart geen tegenspel.} )29... Rg6 $2 ( 29... a3 $1 30. bxa3
Qxc3 31. Qxb5+ Kf8 32. Qb4+ Kg7 { had ik gezien en als onduidelijk ingeschat,
maar spel je dat met zwart in naderende tijdnood?}  )30. Rd7 $2 { Ik zag dat
zwart hierna remise kan maken, maar ik was me niet ervan bewust hoe goed de
witte stelling al is.}  ( 30. g4 $3 { wint heel hard:}  30... hxg4 ( 30... fxg4
31. fxg4 Rxg4 32. Qd7+ Kf8 33. Rf1 Rg7 34. Rdf2 )31. h5 Rf6 32. fxg4 fxg4 33.
h6 $1 Rxh6 34. Rd7 Rh7 35. Rf1 Rh2 36. Ka1 $18 )( 30. a3 $5 $40 { (  van
Haastert  )  was een goede tweede optie, maar ik was met weinig tijd een beetje
aan het flippen en speelde de "veilige" zet.} )30... Rf6 $2 { Dit is te
passief. Nu krijgt wit spel tegen de zwarte koning.}  ( 30... Rxg2 31. Re7+ Kf8
32. Rxf7+ Kg8 33. Ka1 $5 { Nog een winstpoging, omdat 33. Tfd7 meteen remise
is.}  ( 33. Rfd7 Rxb2+ $1 34. Kxb2 Qxc3+ 35. Kb1 Qc2+ 36. Ka1 Qc3+ $11 )33...
a3 34. Rh7 Rf8 $1 35. Rxh5 axb2+ 36. Kb1 Rg7 37. Rg5 Rxg5 38. hxg5 Qxc3 39. g6
Qg7 40. Qxb5 { De stelling is ongeveer gelijk.}  )31. a3 $1 { Eindelijk speelt
wit de goede zet. Voordat wit de torens op de 7e rij stapelt, moet hij eerst de
koning veilig stellen.}  31... f4 $2 ( 31... Kf8 $8 $16)32. Re7+ $1 Kf8 33.
Rdd7 $18 { Er is geen verdediging meer.}  33... Qf5+ ( 33... Kg8 34. Rxf7 Qf5+
35. Ka1 Rxf7 36. Qxc8+ Kg7 ( 36... Rf8 37. Qc7 Qg6 38. Qe5 { gaat ook niet lang
meer goed.}  )37. Rd8 $18 { en zwart raakt materiaal kwijt.}  )34. Ka1 Rc5 35.
Qb8+ Kg7 36. Re8 { Zwart heeft kan de zwarte witte stukken niet tegenhouden.} 
36... Rg6 ( 36... Qh7 37. Rdd8 $18 )37. Rg8+ Kf6 38. Rxf7+ $1  1-0

[Event "ECC Novi Sad"]
[Site "?"]
[Date "2016.11.12"]
[Round "7"]
[White "Sprenger, Jan"]
[Black "van Wely, Loek"]
[Result "0-1"]
[Annotator "Sprenger,Jan"]
[BlackElo "2685"]
[PlyCount "118"]
[WhiteElo "2512"]

1. e4 c5 2. Nf3 e6 3. d4 cxd4 4. Nxd4 a6 5. Nc3 Qc7 6. Bd3 Nf6 7. O-O d6 8. f4
Nbd7 9. Kh1 b5 10. Qe2 Bb7 11. Bd2 Be7 12. b4 O-O 13. a4 bxa4 14. Rxa4 Rfc8 15.
Raa1 $5 ( 15. Bxa6 Nb6 16. Bxb7 Nxa4 17. Bxa8 Nxc3 18. Qd3 Rxa8 19. Bxc3 d5 $44
{ Mihok-Gajewski, 2011}  )15... g6 16. Nf3 Bf8 17. Rae1 ( 17. f5 gxf5 18. exf5
e5 19. Ng5 Bg7 )17... Bg7 18. Nd1 ( 18. e5 dxe5 19. fxe5 Ng4 20. Ne4 Ndxe5 21.
Bf4 Qe7 22. Nxe5 Nxe5 23. Bg5 Qf8 24. Nf6+ Bxf6 25. Bxf6 Nxd3 $15 )18... d5 19.
exd5 Nxd5 20. Ne5 Nxe5 21. fxe5 Qe7 22. Qg4 Rc7 23. Ne3 Nxe3 24. Rxe3 Rd8 25.
b5 $2 ( { Nach dem konsolidierenden } 25. Qe2 { steht Schwarz angenehmer, aber
es ist noch wenig los.} )( 25. c4)25... Rxc2 $1 ( 25... axb5 26. Bb4 Qd7 27.
Ba5 $13 )( 25... Qc5 $5)26. Bxc2 Rxd2 27. Be4 axb5 28. Re2 $2 h5 ( 28... Rd4 $1
29. Qf3 Rxe4 $1 30. Rxe4 Bxe5 $19 )29. Qf3 Bxe4 30. Rxe4 Rd7 $15 31. h3 b4 32.
Qb3 ( 32. Qf4 Rb7 33. Rb1 Bf8 34. Rb3 )32... Rb7 33. Ref4 Qc5 34. Rc4 Qa5 35.
Qf3 Qb5 36. Rf4 Qd7 37. Qb3 Qb5 38. Qf3 Qd7 39. Qb3 Qd5 40. Qxd5 $4 ( 40. Rb1
Qxb3 ( 40... Qxe5 41. Rxb4 { sollte Weiß verteidigen können.}  )41. Rxb3 Bf8
42. Re4 $15 )40... exd5 41. Rb1 $2 ( 41. Rd4 Bxe5 42. Rxd5 f6 $17 { Ich
vermute, dass auch diese Stellung verloren ist.}  )41... b3 42. Rf3 b2 $19 {
Nun kann Weiß nicht einmal mehr in ein schlechtes Endspiel flüchten}  43. Re3
Bh6 44. Rd3 Rb5 45. g3 Kf8 46. Kg2 Ke7 47. Rf3 Bg7 48. Re3 Ke6 49. Kf3 Bxe5 50.
Ke2 Kd6 51. Ra3 Rc5 52. Ra6+ Ke7 53. Kd2 h4 54. Ra7+ Kf8 55. Rf1 f6 56. Ra8+
Kg7 57. Ra7+ Kh6 58. gxh4 Rc1 59. Rxc1 Bf4+  0-1

[Event "ECC Antalya"]
[Site "?"]
[Date "2017.10.10"]
[Round "3"]
[White "Sprenger, Jan"]
[Black "Sadikhov, Ulvi"]
[Result "1-0"]
[Annotator "Sprenger,Jan"]
[BlackElo "2489"]
[EventDate "2017.??.??"]
[PlyCount "63"]
[WhiteElo "2513"]

1. e4 c5 2. Nf3 Nc6 3. d4 cxd4 4. Nxd4 Qb6 { Ich hatte eher mit einer ruhigen
Philidor-Partie als mit dem scharfen Grivas-Sizilianer gerechnet, aber
glücklicherweise war ich nicht ganz unvorbereitet.}  5. Nb3 Nf6 6. Nc3 e6 7.
Bd3 a6 8. Be3 Qc7 9. f4 d6 10. Qf3 b5 11. g4 Bb7 12. g5 Nd7 13. O-O-O Nb4 14.
Kb1 Be7 $6 { Vielleicht sollte Schwarz im Lichte der Partie doch auf d3
schlagen.}  ( 14... Nxd3 15. cxd3 b4 16. Ne2 a5 $13 )15. Be2 $1 $146 { An
diesen Zug erinnerte ich mich noch. Jetzt droht Weiß simpel a3 und/ oder Spiel
am Königsflügel  (  mit f5/Dh3 oder h2-h4-h5  )  , so dass Schwarz reagieren
muss.}  15... Nxc2 $5 { Das ist extrem gefährlich für Schwarz, aber es könnte
objektiv die beste Wahl sein.}  ( 15... d5 16. f5 $1 dxe4 17. Qh3 exf5 $8 { und
Weiß hat die Wahl zwischen dem Figurengewinn 18. a3 und dem dynamischen 18.
Df5:.}  18. Qxf5 ( 18. a3 Nxc2 19. Kxc2 g6 20. Kb1 $14 )18... Rd8 19. a3 Nc6
20. Bf4 Qc8 21. Nd5 $36 )( 15... O-O 16. a3 Nc6 17. h4 $40 )16. Rc1 $1 { Nach
zwanzig Minuten Nachdenken gespielt.}  ( 16. Kxc2 b4 17. Kb1 bxc3 18. Rc1 Qc6
19. Bd3 { gibt Schwarz mehrere Möglichkeiten; die überzeugendste ist}  19... d5
$1 20. Rxc3 dxe4 21. Qg2 ( 21. Qg3 Qxc3 $5 22. bxc3 exd3 $44 )21... Qa4 22. Bd4
exd3 23. Qxb7 O-O $11 )16... Nxe3 17. Nxb5 Qb6 $8 { Alles andere ist gewonnen
für Weiß.}  ( 17... Qb8 18. Nc7+ Kd8 19. Qxe3 Ra7 20. Na5 $1 ( 20. Nd4 $5 Nc5
21. Rxc5 dxc5 22. Ndxe6+ fxe6 23. Nxe6+ Kc8 ( 23... Kd7 $2 24. Rd1+ Kxe6 25.
Qb3+ $1 Bd5 26. Qxd5# ) ( 23... Ke8 24. Nxg7+ Kf7 25. Nf5 $40 ) 24. Bg4 h5 25.
gxh6 Rxh6 26. Nxc5+ Kd8 27. Ne6+ $40 )20... Nc5 21. Nxa6 Nxa6 22. Qb6+ Ke8 23.
Nxb7 Rxb7 { Ungefähr hier endete meine Vorausberechnung. 24. Lb5+ ist nun sehr
gut, aber Weiß hat auch einen forcierten Gewinn:}  24. Qc6+ $1 Kf8 25. Bxa6 $1
Rxb2+ 26. Ka1 Bd8 27. Qd7 Qb6 28. Rhd1 $18 )18. Nc7+ Kd8 19. Nxa8 Bxa8 20. Rc3
Nf5 $2 ( 20... f5 { war der einzige Zug, der die Stellung im Gleichgewicht
hält. Es entstehen nun Stellungen mit gleichem Material und anhaltender weißer
Initiative, aber das war in der Vorausberechnung schwer zu sehen  (  21. Te3:
h6!!  )  .}  21. gxf6 ( 21. Rxe3 { Scheinbar ist Weiß dicht am Sieg, aber
Schwarz hat}  21... h6 $3 ( { Weiß steht prächtig nach } 21... Bxe4+ 22. Rxe4
fxe4 23. Qc3 $1 $40 ) 22. Rc1 hxg5 23. Rec3 Bb7 24. exf5 $36 )21... Nxf6 22.
Rxe3 Ng4 23. Rc3 Nf2 24. Nd2 Nxh1 25. Qxh1 $36 )21. Rhc1 Nc5 ( 21... Bb7 22.
exf5 $1 Bxg5 23. Qh3 { und der weiße Angriff schlägt durch:}  23... Bxf4 $2 24.
Qh4+ g5 25. fxg6+ $1 $18 )22. Bd3 $1 Nh4 $2 ( 22... Qb8 23. Qe2 Nh4 24. e5 $18
{ Die schwarze Verteidigung bricht auseinander.}  )( 22... Nxb3 $8 { Diesen Zug
hatte ich erwartet. Weiß steht sehr gut, aber es glückte mir nicht, einen
klaren Gewinn zu finden. Zwei Varianten, die ich in der Partie erwogen hatte:} 
23. Rxb3 Qa7 24. Qd1 $1 ( 24. Bxa6 $5 Qxa6 25. Rb8+ Kd7 26. Rxh8 Qa4 27. Rxa8 (
27. Re1 Bc6 { gibt zu viel Gegenspiel.}  ) 27... Qxa8 28. Qd3 Nh4 29. Qb5+ $16
)( 24. Rbc3 Bb7 25. Qd1 { ist Zugumstellung zu 24. Dd1.}  )24... Nd4 25. Rbc3
Bb7 26. Qa4 Qb6 27. Rc7 Nb5 28. Bxb5 axb5 29. Qc2 Ke8 30. Rxe7+ Kxe7 31. Qc7+
Qxc7 32. Rxc7+ Kd8 33. Rxb7 $16 { Das Turmendspiel sollte für Weiß dank der
Freibauern am Damenflügel gewinnen, aber es ist eine nichttriviale technische
Aufgabe.  (  Bauernendspiele sind remis.  )}  )23. Qf2 Ng6 24. e5 $1 $18 { Weiß
gewinnt die Figur nun zurück.}  24... Bd5 { Es gibt nichts Besseres.}  ( 24...
Na4 25. Rc8+ Kd7 26. Qxb6 Nxb6 27. R1c7# )25. exd6 Bxd6 26. Nxc5 Ke7 ( 26...
Bxf4 { lässt Weiß eine angenehme Wahl zwischen verschiedenen Gewinnvarianten:} 
27. Nxe6+ ( { In der Partie hatte ich } 27. Bxg6 Bxc1 28. Rxc1 fxg6 29. Qf7 Qc6
30. Qxg7 $18 { geplant. Weiß grast die schwarzen Bauern ab und gewinnt langsam
aber sicher.}  )27... Qxe6 28. Rc8+ Ke7 29. Qa7+ Qd7 30. R8c7 $18 )27. f5 $1 {
Der Aufmarsch des f-Bauern entscheidet den Tag.}  27... Nf4 ( 27... Be5 28. f6+
$1 gxf6 29. gxf6+ Bxf6 30. Qxf6+ $1 Kxf6 31. Nd7+ $18 )( 27... exf5 28. Qxf5
Ne5 29. Re1 $18 )28. f6+ $1 gxf6 29. gxf6+ Ke8 { Alles gewinnt nun für Weiß,
aber eine Variante ist deutlich brillanter als der Rest:}  30. Nxa6 $3 Qxf2 31.
Bb5+ Bc6 32. Rxc6 { Das Doppelabzugsmatt lässt sich nur durch das sinnlose 32.
...Db2:+ abwenden. Daher gab Schwarz auf.}   1-0

[Event "ECC Antalya"]
[Site "?"]
[Date "2017.10.12"]
[Round "5"]
[White "Svidler, Petr"]
[Black "Sprenger, Jan"]
[Result "1-0"]
[Annotator "Sprenger,Jan"]
[BlackElo "2513"]
[PlyCount "101"]
[SourceDate "2017.10.12"]
[WhiteElo "2760"]

1. e4 c5 2. Nf3 e6 3. g3 d5 4. exd5 exd5 5. Bg2 Qe7+ 6. Kf1 $5 { Eine
Improvisation am Brett.}  6... Nc6 7. Nc3 Nf6 8. d4 h6 $6 { Schwarz steht
hiernach nicht schlechter, aber h7-h6 ist letztlich Zeitverlust.}  9. Be3 { 9.
dc5: mit kleinem Vorteil für Weiß könnte besser sein.}  9... Be6 $1 { Ich
fühlte, dass ich nun prinzipiell spielen musste, um h7-h6 zu rechtfertigen.
Nach 20 Minuten Nachdenken fand ich die richtige Antwort.}  10. dxc5 Ng4 $1 11.
Nxd5 $2 ( { Weiß musste die gleiche Stellung nach } 11. Bd4 Nxd4 12. Qxd4 ( 12.
Nxd4 Qf6 13. Bf3 Bxc5 { ist sehr in Ordnung für Schwarz.}  )12... Qxc5 $11 {
spielen.}  )11... Qd7 $2 { Verpasst eine gute Chance auf Vorteil, und selbst
11. ...Dd8 könnte genauer sein.}  ( 11... Bxd5 $1 12. Qxd5 Qxe3 $1 { hatte ich
gesehen, aber wegen}  13. Re1 $6 { verworfen. Allerdings hat Schwarz das
teuflische}  ( 13. Qxc6+ $1 bxc6 14. fxe3 Nxe3+ 15. Ke2 Bxc5 16. Ne1 { ist
relativ am besten, aber auch hier steht Schwarz einfach besser.}  )13... Ne7 $3
14. Qd4 Qxd4 15. Nxd4 O-O-O $17 { mit klarem Vorteil.}  )( 11... Qd8 $5 { war
ebenfalls genauer als 11. ...Dd7, da man in einigen Varianten mit dem Turm auf
d8 zurückschlagen kann. Weiß sollte nun das Spiel mit}  12. Ne1 $1 ( 12. Nf4
Bc4+ 13. Kg1 Nxe3 14. fxe3 Bxc5 15. Qxd8+ Rxd8 $36 )( 12. c4 Nxe3+ 13. fxe3
Bxc5 $44 )12... Nxe3+ 13. Nxe3 Bxc5 14. Qxd8+ Rxd8 15. Nd3 { ausgleichen.} 
)12. Nf4 Nxe3+ 13. fxe3 Bxc5 14. Qxd7+ Bxd7 $44 { Schwarz hat gute langfristige
Kompensation für den geopferten Bauern  (  Struktur, Läuferpaar...  )  .
Allerdings kann Weiß seine Figuren im Zentrum massieren  (  c3+Sd4  )  , so
dass es nicht leicht ist etwas nachzuweisen.}  15. Nd3 Bd6 16. Nd4 O-O-O 17.
Kf2 ( 17. Nxc6 $5 bxc6 18. Kf2 Rhe8 { gibt Schwarz ebenfalls genug Spiel.} 
)17... Ne5 18. Nxe5 Bxe5 19. c3 h5 $1 { Bereitet h5-h4 vor und aktiviert den
Turm über h6.}  20. Nf3 Bc7 21. Rad1 Rh6 22. Rd2 Re8 23. Rhd1 Bg4 24. Rd5 {
Nach wie vor hat Schwarz gute Kompensation für den geopferten Bauern.
Wahrscheinlich sollte man jetzt am besten gar nichts machen und einen ruhigen
Zug wie Tf6 spielen. Die Stellung bleibt nicht einfach für Weiß, der immer
aufpassen muss, dass er seinen Vorteil nicht plötzlich einbüßt. Stattdessen
wollte ich meinen Stellungsvorteil sofort in etwas Zählbares ummünzen und
spielte schwächer}  24... h4 $2 25. gxh4 Bxf3 26. Bxf3 Rxh4 27. h3 $1 $16 {
Diese Finesse war mir entgangen. Weiß behauptet seinen Mehrbauern und von nun
an ist es ein Spiel auf ein Tor.}  27... g6 28. Rd7 $1 Rxh3 $2 ( 28... f5 $1
29. Rg7 Rxh3 30. Rdd7 Bb6 31. Bxb7+ Kb8 32. Bc6 { musste probiert werden; es
ist gefährlich, aber Schwarz hat reelle Remischancen.}  )29. Rxf7 Rh2+ 30. Bg2
Rh5 31. Rdd7 Rf5+ 32. Ke2 Rxf7 33. Rxf7 { Ich dachte, dass der Schaden sich
hier in Grenzen hielte, aber der Bauer g6 ist schwer zu verteidigen.}  33... g5
34. Rg7 Bf4 ( 34... Re5 35. Bh3+ $1 Kd8 36. Kf3 { und g5 fällt früher oder
später.}  )35. Bxb7+ Kb8 36. e4 Rh8 37. Kd3 Rh2 38. Bd5 $1 ( 38. b4 Rh3+ 39.
Kd4 ( 39. Kc4 $2 Rxc3+ $1 40. Kd5 Rc7 $11 )39... Bd2 40. Rf7 Bxc3+ 41. Kc4 $16
{ gibt Schwarz mehr Chancen als die Partie..}  )38... Rxb2 39. Kd4 $6 ( 39. a4
$1)39... a5 $6 ( 39... Rd2+ $1 40. Kc5 Rc2 41. Kb5 Rxc3 42. Rb7+ Kc8 43. Rxa7
$16 { war noch ein guter Versuch.}  )40. a4 Rb1 41. c4 $18 { Die schwarze
Stellung ist sehr schwierig; wahrscheinlich verloren. Ich konnte keinen
Verteidigungsplan finden.}  41... Kc8 ( 41... Ra1 42. Kc5 $18 )42. Be6+ Kb8 43.
c5 Rb4+ 44. Kd5 Rxa4 45. e5 Ra1 46. Bg4 $1 { Hier hätte ich auch aufgeben
können. Der e-Bauer läuft durch. Ich spielte noch ein paar Züge:}  46... Bxe5
47. Kxe5 Rc1 48. Kd6 a4 49. c6 a3 50. c7+ Ka8 51. Bf3+  1-0

[Event "ECC Antalya"]
[Site "?"]
[Date "2017.10.14"]
[Round "7"]
[White "Sprenger, Jan"]
[Black "Sanal, Vahap"]
[Result "1/2-1/2"]
[Annotator "Sprenger,Jan"]
[BlackElo "2549"]
[EventDate "2017.??.??"]
[PlyCount "61"]
[WhiteElo "2513"]

1. e4 e5 2. Nf3 Nc6 3. Bb5 a6 4. Ba4 Nf6 5. O-O Be7 6. Re1 b5 7. Bb3 O-O 8. c3
d6 9. h3 Na5 10. Bc2 d5 $6 { Ich kann mir nicht vorstellen, dass dieses System
gesund ist. Im Vergleich zu einem normalen Marshall hat Schwarz zwei Tempi für
d7-d6-d5 aufgewendet und sein Springer steht auf a5 vorerst im Abseits.}  11.
d4 { Ein logischer Entwicklungszug.}  11... dxe4 ( 11... Nxe4 12. Nxe5 $14 { ( 
Bauernstruktur  )}  )( 11... exd4 12. e5 Ne4 13. cxd4 c5 14. Nc3 Nxc3 15. bxc3
{ erinnert an den offenen Spanier; auch hier steht Weiß angenehm.}  )12. Nxe5
c5 13. Nd2 $5 { "This does not look very principled."  (  Anish Giri  )  . Aber
Nijat Abasov, das fünfte Brett von Odlar Yurdu, meinte später: "Exactly the
right move for this kind of game, and given the result you needed." Das Spiel
wird nun früher oder später verflachen.}  ( 13. Bg5 $6 Bb7 14. dxc5 Qc7 15.
Bxf6 Rad8 16. Qe2 Bxf6 17. Ng4 Bg5 { geht die Theorie, aber Schwarz scort hier
ausgezeichnet.}  )( 13. Be3 $1 Bb7 14. Nd2 Qc7 15. Qb1 $1 $36 { sollte Weiß
eine bessere Stellung geben.}  15... cxd4 16. Bxd4 ( 16. cxd4 Bb4 17. a3 Bxd2
18. Bxd2 Rac8 19. Bc3 Nc4 )16... Bd6 17. Ng4 Nxg4 18. hxg4 Bh2+ 19. Kh1 Be5 20.
Bxe4 $16 )13... cxd4 14. Nxe4 dxc3 15. Nxc3 $11 { Weiß hat seinen
Eröffnungsvorteil freiwillig aufgegeben, aber seine Stellung ist gesund und
lässt sich einfach spielen.}  15... Bb7 $6 { Schwarz sollte vermutlich einfach
die Damen tauschen, solange Weiß noch nicht mit dem Turm auf a1 zurückschlagen
kann.}  16. Bg5 $1 h6 17. Bxf6 $1 ( 17. Bh4 { war ebenfalls ein vernünftiger
Zug, aber die Partie ist forcierter.} )17... Bxf6 ( 17... Qxd1 18. Nxd1 $1 Bxf6
19. Nd7 Rfe8 20. Nxf6+ gxf6 21. Ne3 $14 )18. Qg4 $6 { Genug für Ausgleich, aber
ich konnte hier ehrgeiziger spielen.}  ( 18. Nd7 $1 Bxc3 19. bxc3 $1 { Diesen
Zug hatte ich unterschätzt.}  ( 19. Qd3 f5 $1 ( 19... g6 $2 20. bxc3 Qg5 21. g3
Rfd8 22. Qd4 Nc6 23. Qd6 $1 $18 { Die Drohungen h4 und Dc7 entscheiden.}  ) 20.
bxc3 ( 20. Qxc3 Qxd7 21. Qxa5 Qc6 22. Bb3+ Kh8 23. f3 Rae8 $11 { ist gleich,
aber ich spiele nicht gerne mit einer Dame im Abseits.}  ) 20... Qg5 21. Qf1
Rfe8 $13 )19... Qg5 20. g3 Rfd8 21. Qd3 Qg6 ( 21... g6 22. Qd4 $1 $16 { leitet
in die o.g. Varianten über; es droht erneut sehr stark h3-h4.}  )22. Qxg6 fxg6
23. Nc5 $14 { Weiß hat ein sehr komfortables Endspiel, auch wenn es natürlich
remis enden wird.}  )18... Bxe5 19. Qf5 g6 ( 19... f6 $2 20. Qh7+ Kf7 21. Bg6+
Ke6 22. Qxg7 { und Lf5+ nebst Dg4 matt gewinnt.}  )20. Qxe5 Nc4 21. Qe7 Bc6 22.
b3 $1 { Der einfachste Zug um die Stellung im Gleichgewicht zu halten. Schwarz
muss die Damen tauschen.}  ( 22. Rad1 $5 { ist auch spielbar, aber deutlich
komplexer.}  22... Qxe7 23. Rxe7 Nxb2 24. Rd6 Rac8 ( 24... Rfc8 25. Bxg6 fxg6 (
25... Be8 26. Be4 ) 26. Rxg6+ Kf8 27. Rgg7 Be8 28. Nd5 Rc6 29. Rh7 Rg6 30. Nf4
Rf6 31. Ne6+ Rxe6 32. Rxe6 $14 { Dank der aktiven Türme kann nur Weiß besser
stehen.}  )25. Be4 ( 25. Bxg6 $5 Be8 26. Bh5 Rxc3 27. Rd8 Kg7 28. Rexe8 Rxe8
29. Rxe8 $13 )25... Bxe4 26. Nxe4 Ra8 27. Nc5 a5 28. Rb6 $132 )22... Qxe7 (
22... Qd2 $6 23. Qf6 $1 ( 23. Ne4 Qxc2 24. Nf6+ Kg7 25. bxc4 Qf5 { gibt Schwarz
leichten Vorteil.}  )23... Qxc2 24. bxc4 Rac8 25. Rac1 { und Weiß hat volle
Kontrolle.}  )23. Rxe7 Na3 24. Be4 Rfc8 25. Rd1 { Alles ist zentralisiert. Wenn
man die offenen Linien derartig kontrolliert, ist alle Verlustgefahr gebannt.
Aber noch sind Figuren auf dem Brett...}  25... Kf8 26. Bxc6 $1 { Ungefähr hier
fiel mir eine große Last von Herzen. Der Partiezug wickelt zum Remis ab, da
Schwarz dem Dauerschach  (  bzw. der Zugwiederholung in der Variante mit 26.
...Ke7:  )  nicht mehr entkommen kann.}  26... Rxc6 ( 26... Kxe7 27. Nd5+ Kf8
$8 28. Bxa8 Rxa8 29. Nc7 Ra7 30. Rd7 { (  droht Se6+  )}  30... Kg8 31. Rd8+
Kg7 32. Rd7 $11 { Schwarz kann den Abzugsdrohungen nur durch Zugwiederholung
oder Aufgabe des f-Bauern ausweichen.}  )27. Rdd7 $1 Rxc3 $8 28. Rxf7+ Kg8 29.
Rg7+ Kh8 30. Rh7+ Kg8 31. Rhg7+ { "Aus! Aus! Das Spiel ist aus!" Keine
Weltmeisterschaft, aber ein enorm wichtiger halber Punkt.}   1/2-1/2